000 00555nam a22001697a 4500
003 OSt
005 20260120111933.0
008 260120b |||||||| |||| 00| 0 eng d
040 _cMRSPTU
041 _aENG
100 _aKrishma Koundal, Supervisor: Dr. Munish Kumar
245 _aOffline Handwritten Gurmukhi Character Recognition Using K-NN and Decision Tree Classifier
260 _bDepartment of CSE, MRSPTU, Bathinda
_c2017
650 _aComputer Science
856 _uhttp://163.47.215.52:8080/jspui/handle/123456789/208
942 _2ddc
_cTH
_n0
999 _c10699
_d10699